| Tag |
First Indicator |
Second Indicator |
Subfields |
| LEADER |
00000cam a2200000 a 4500 |
| 001 |
in00001733607 |
| 005 |
20211202195321.0 |
| 007 |
he bmb024bbca |
| 008 |
030320s2002 coua bb f000 0 eng c |
| 035 |
|
|
|a (OCoLC)ocm51842516
|
| 040 |
|
|
|a GPO
|c GPO
|d MvI
|d UtOrBLW
|
| 042 |
|
|
|a pcc
|
| 043 |
|
|
|a n-usp--
|
| 049 |
|
|
|a UMIC
|a WWW
|
| 074 |
|
|
|a 0083-B-04 (MF)
|
| 074 |
|
|
|a 0083-B-04 (online)
|
| 086 |
0 |
|
|a A 13.79:RMRS-RN-16
|
| 100 |
1 |
|
|a Welch, Bruce L.
|q (Bruce Leigh),
|d 1943-
|
| 245 |
1 |
0 |
|a Bird counts of burned versus unburned big sagebrush sites /
|c Bruce L. Welch.
|
| 264 |
|
1 |
|a Fort Collins, Colo. :
|b U.S. Dept. of Agriculture, Forest Service, Rocky Mountain Research Station,
|c [2002]
|
| 300 |
|
|
|a 6 pages :
|b illustrations ;
|c 28 cm.
|
| 336 |
|
|
|a text
|b txt
|2 rdacontent
|
| 337 |
|
|
|a microform
|b h
|2 rdamedia
|
| 338 |
|
|
|a microfiche
|b he
|2 rdacarrier
|
| 490 |
1 |
|
|a Research note RMRS ;
|v RN-16
|
| 500 |
|
|
|a Caption title.
|
| 500 |
|
|
|a "September 2002."
|
| 500 |
|
|
|a Shipping list number: 2003-0138-M.
|
| 500 |
|
|
|a Shipping List Date: 03/03/2003
|
| 504 |
|
|
|a Includes bibliographical references (page 6).
|
| 530 |
|
|
|a Also available via Internet from the USDA Web site. Address as of 3-12-03: http://www.fs.fed.us/rm/pubs/rmrs%5Frn016.pdf; current access is available via PURL.
|
| 533 |
|
|
|a Microfiche.
|b [Washington, D.C.] :
|c Supt. of Docs., U.S. G.P.O.,
|d 2003
|e 1 microfiche : negative.
|
| 500 |
|
|
|a Microform.
|
| 650 |
|
0 |
|a Bird populations
|z Great Basin
|x Geographical distribution.
|
| 650 |
|
0 |
|a Birds
|x Habitat
|z Great Basin.
|
| 650 |
|
0 |
|a Big sagebrush
|z Great Basin.
|
| 710 |
2 |
|
|a Rocky Mountain Research Station (Fort Collins, Colo.)
|
| 830 |
|
0 |
|a Research note RMRS ;
|v RN-16.
|
| 856 |
4 |
1 |
|u https://purl.fdlp.gov/GPO/LPS28089
|z Adobe Acrobat Reader required
|t 0
|
| 999 |
|
|
|a MARS
|
| 999 |
f |
f |
|s 7c3f0cf5-f32d-3e97-a0b3-3e49ab7fa7b8
|i 5dc0a4ba-4ea4-3bab-b557-5df43869b09e
|t 0
|
| 952 |
f |
f |
|p normal
|a Texas A&M University
|b College Station
|c Sterling C. Evans Library
|d Evans: US Documents Microfiche (3rd floor)
|t 0
|e A 13.79:RMRS-RN-16
|h Superintendent of Documents classification
|i microform -- microfiche
|m A14830619682
|
| 952 |
f |
f |
|a Texas A&M University
|b College Station
|c Electronic Resources
|d Available Online
|t 0
|e A 13.79:RMRS-RN-16
|h Superintendent of Documents classification
|
| 998 |
f |
f |
|a A 13.79:RMRS-RN-16
|t 0
|l Evans: US Documents Microfiche (3rd floor)
|
| 998 |
f |
f |
|a A 13.79:RMRS-RN-16
|t 0
|l Available Online
|